| 000 | 00904nam a2200241 a 4500 | ||
|---|---|---|---|
| 001 | 000024695 | ||
| 005 | 20200930023320.0 | ||
| 008 | 110202s1972 ag r 000 0 spa d | ||
| 040 |
_aDO-SdBNP _bspa _cBNPHU |
||
| 041 | 1 | 7 |
_aspa _heng _2Código de idiomas MARC |
| 082 |
_ann* _bnn* |
||
| 100 | 1 |
_aKomisar, B. Paul. _950638 |
|
| 245 | 1 | 0 |
_aConceptos psicológicos en la educación / _cB. Paul Komisar y C. J. B. Macmillan ; traducción de Jorge A. Sirolli. |
| 260 |
_aBuenos Aires : _bEl Ateneo, _c1972. |
||
| 300 |
_a231 p. ; _c22 cm. |
||
| 490 | 1 | _aBiblioteca Nuevas Orientaciones de la Educación | |
| 500 | _aIncluye índice alfabético. | ||
| 500 | _aIncluye referencias bibliográficas y notas al pie de las páginas. | ||
| 700 | 1 |
_aMacmillan, C. J. B. _950639 |
|
| 700 | 1 |
_aSirolli, Jorge A., _etr. _950640 |
|
| 830 | 0 |
_aBiblioteca Nuevas Orientaciones de la Educación _950641 |
|
| 049 | _aBNGR | ||
| 999 |
_c24188 _d24188 |
||